000
00332 a2200109 4500
001
ART_50164
005
20260410162007.0
008
260409a
245
1
0
_a
La hipervulnerabilidad del consumidor fumador
100
1
_a
Romero, Luis E.
773
0
_t
Temas de derecho civil
_g
- Año 5, N° 11 (nov. 2019)
_w
REV34778
999
_c
31843
_d
31843